Library of the University of Algiers 3
Ibrahim Sultan Cheibout
شعار جامعة الجزائر 3
مكتبة جامعة الجزائر 3
إبراهيم سلطان شيبوط

Michel Butor vers une litterature du signe / (رقم التسجيلة. 34267)

تفاصيل مارك
000 -LEADER
fixed length control field 00366nam a2200157Ia 4500
003 - CONTROL NUMBER IDENTIFIER
control field Ost
005 - DATE AND TIME OF LATEST TRANSACTION
control field 20260225132553.0
008 - FIXED-LENGTH DATA ELEMENTS--GENERAL INFORMATION
fixed length control field 260225s9999||||xx |||||||||||||| ||und||
040 ## - CATALOGING SOURCE
Transcribing agency fsic
041 ## - LANGUAGE CODE
Language code of text/sound track or separate title fre
082 ## - DEWEY DECIMAL CLASSIFICATION NUMBER
Classification number 440
100 ## - MAIN ENTRY--PERSONAL NAME
Personal name André Helbo
Relator term Auteur
245 #0 - TITLE STATEMENT
Title Michel Butor vers une litterature du signe /
245 #0 - TITLE STATEMENT
Statement of responsibility, etc. André Helbo
942 ## - ADDED ENTRY ELEMENTS (KOHA)
Koha item type كتب
المقتنيات
Withdrawn status Lost status Source of classification or shelving scheme Damaged status Not for loan Home library Current library Date acquired Serial enumeration / chronology Inventory number Total checkouts Full call number Barcode Date last seen Price effective from Koha item type
    Dewey Decimal Classification   NOT LOAN / إعارة داخلية مكتبة كلية علوم الإعلام والاتصال مكتبة كلية علوم الإعلام والاتصال 25/02/2026 Salle de prêt J36626   FJ222/1 J36626 25/02/2026 25/02/2026 كتب
    Dewey Decimal Classification   Available مكتبة كلية علوم الإعلام والاتصال مكتبة كلية علوم الإعلام والاتصال 25/02/2026 Salle de prêt J36627   FJ222/2 J36627 25/02/2026 25/02/2026 كتب
    Dewey Decimal Classification   Available مكتبة كلية علوم الإعلام والاتصال مكتبة كلية علوم الإعلام والاتصال 25/02/2026 Salle de prêt J36628   FJ222/3 J36628 25/02/2026 25/02/2026 كتب
    Dewey Decimal Classification   Available مكتبة كلية علوم الإعلام والاتصال مكتبة كلية علوم الإعلام والاتصال 25/02/2026 Salle de prêt J36629   FJ222/4 J36629 25/02/2026 25/02/2026 كتب
    Dewey Decimal Classification   Available مكتبة كلية علوم الإعلام والاتصال مكتبة كلية علوم الإعلام والاتصال 25/02/2026 Salle de prêt J36630   FJ222/5 J36630 25/02/2026 25/02/2026 كتب

موارد الويب المفتوحة


© University of Algiers 3 All Rights Reserved
|
Implemented by LECHELAH Riad